Statystyki dla Nazwy miejscowości zawierające człon regionu w nazwie

Kliknij tutaj aby rozwiązać quiz!

Ogólne statystyki

  • Ten quiz został rozwiązany 16 razy
  • Średni wynik to 6 z 17

Statystyki odpowiedzi

WskazówkaMiejscowość% Poprawnych
ŁódźAleksandrów Łódzki
75%
ŁódźKonstantynów Łódzki
75%
WarmiaLidzbark Warmiński
75%
OpoleStrzelce Opolskie
69%
ŚwiętokrzyskieOstrowiec Świętokrzyski
56%
LubuskieOśno Lubuskie
44%
MałopolskaGłogów Małopolski
38%
MałopolskaSędziszów Małopolski
38%
MałopolskaSokołów Małopolski
38%
MazuryBanie Mazurskie
31%
OpoleTarnów Opolski
25%
OpoleRogów Opolski
19%
OpoleKąty Opolskie
13%
LubuskieTrzemeszno Lubuskie
13%
MazuryBrzeźno Mazurskie
6%
MazuryKarwica Mazurska
6%
LubuskieLaski Lubuskie
6%

Rozkład punktacji

Percentyl według liczby udzielonych odpowiedzi

Procent ludzi z każdym wynikiem

Twoja historia wyników

Nie rozwiązałeś tego quizu